000 00470nam a2200181Ia 4500
001 8969
005 20260306160649.0
008 260306t2012||||xx |||||||||||||| ||spa||
041 _aESP
082 _a372.2
_bO73
100 _aOrtega Osuna, José Luis
_eAUT
245 0 _aCompetencias básicas:
_bdesarrollo y evaluación en educación primaria
260 _c2012
300 _a454 páginas :
_c24 cm.
650 _aGEN
654 _aCED
942 _cLIB
_dJUS
_fJUS
_2ddc
_n
999 _c8969
_d8969